Ben Mendelsohn Filmography - Statistics

General Stats
  • This quiz has been taken 33 times
    9 since last reset
  • The average score is 5 of 109
Answer Stats
Type Year Name % Correct
Film 2016 Rogue One
100%
Web Series 2025 Andor
50%
Film 2019 Captain Marvel
50%
Film 2015 Mississippi Grind
50%
Film 2018 Ready Player One
50%
Film 2019 Spies in Disguise
50%
Film 2008 Australia
25%
Film 2017 Darkest Hour
25%
Film 2014 Exodus: Gods and Kings
25%
Film 2018 Robin Hood
25%
Web Mini-Series 2023 Secret Invasion
25%
Film 2019 Spider-Man: Far From Home
25%
Film 2012 The Dark Knight Rises
25%
Film 2008 $9.99
0%
TV Show 1985 A Country Practice
0%
TV Mini-Series 1988 All the Way
0%
Film 1997 Amy
0%
Film 2010 Animal Kingdom
0%
TV Show 2013, 2015 Axe Cop
0%
Film 2019 Babyteeth
0%
Film 2009 Beautiful Kate
0%
Film 2002 Black and White
0%
Film 2014 Black Sea
0%
Web Series 2015-2017 Bloodline
0%
Film TBA Blood on Snow
0%
TV Film 2001 Child Star: The Shirley Temple Story
0%
TV Show 1996 Close Ups
0%
TV Show 1991 Col'n Carpenter
0%
Theater 1992 Cosi
0%
Film 1996 Cosi
0%
Film 2021 Cyrano
0%
TV Show 1986 Fame and Misfortune
0%
Web Mini-Series 2023 Faraway Downs
0%
TV Show 2002 Farscape
0%
Film TBA Fear Is the Rider
0%
Film 2024 Freaky Tales
0%
Music Video 1993 Full Moon, Dirty Hearts
0%
TV Show 2013 Girls
0%
TV Show 1997 Good Guys, Bad Guys
0%
Documentary 2019 Gorillaz: Reject False Icons
0%
TV Show 1989, 1994 G.P.
0%
Film 2015 Guns for Hire
0%
TV Show 1995 Halifax f.p.
0%
Documentary 2006 Hunt Angels
0%
Film 1996 Idiot Box
0%
TV Show 2019-2020 Infinity Train
0%
Theater 2005 Julius Caesar
0%
Film 2011 Killer Elite
0%
Film 2012 Killing Them Softly
0%
Film 2009 Knowing
0%
Film 2014 Lost River
0%
Film 1999 Love Brokers
0%
TV Show 2006-2007 Love My Way
0%
Short Film 1989 Lover Boy
0%
Music Video 2013 Lover to Lover
0%
Film 1993 Map of the Human Heart
0%
Film 1994 Metal Skin
0%
Film 2001 Mullet
0%
Theater 2002 My Zinc Bed
0%
Film 2010 Needle
0%
TV Show 1986-1987 Neighbours
0%
Film 1990 Nirvana Street Murder
0%
TV Show 1995 Police Rescue
0%
Film 2009 Prime Mover
0%
TV Show 1986 Prime Time
0%
TV Mini-Series 1999 Queen Kat, Carmel & St Jude
0%
Film 1990 Quigley Down Under
0%
Film 1990 Return Home
0%
Film 2025 Roofman
0%
TV Show 1994 Roughnecks
0%
Commercial 2008 Rugby League on FOX Sports
0%
Film 2000 Sample People
0%
TV Film 2005 Second Chance
0%
TV Film 1999 Secret Men's Business
0%
Film 1994 Sirens
0%
Film 2015 Slow West
0%
TV Show 1984 Special Squad
0%
Film 1992 Spotswood
0%
Video Game 2026 Squadron 42
0%
Film 2013 Starred Up
0%
Web Series 2023 Star Wars: The Bad Batch
0%
TV Show 2009 Tangle
0%
Film 1990 The Big Steal
0%
TV Show 1987, 1989 The Flying Doctors
0%
Theater 2004 The Glass Menagerie
0%
TV Show 1985 The Henderson Kids
0%
Film 2019 The King
0%
Film 2018 The Land of Steady Habits
0%
TV Show 1995 The Man from Snowy River
0%
Film 2023 The Marsh King's Daughter
0%
Web Series 2024 The New Look
0%
Film 2005 The New World
0%
TV Mini-Series 2020 The Outsider
0%
Film 2012 The Place Beyond the Pines
0%
TV Show 2005 The Secret Life of Us
0%
Theater 1991 The Selection
0%
TV Documentary 1999 The Singer and the Swinger
0%
Film 1986 The Still Point
0%
Film 1987 The Year My Voice Broke
0%
TV Mini-Series 1989 This Man... This Woman
0%
Film 2023 To Catch a Killer
0%
Film 2011 Trespass
0%
Film 1997 True Love and Chaos
0%
Film 2013 Two Mothers
0%
Film 2016 Una
0%
Film 2018 Untogether
0%
Film 2000 Vertical Limit
0%
Music Video 1998 What I Don't Know 'Bout You
0%
Film 2025 Zero A.D.
0%
No matching quizzes found
Score Distribution
Percent of People with Each Score
Percentile by Number Answered
Your Score History
You have not taken this quiz since the last reset